<?xml version="1.0" encoding="UTF-8"?>
<record
    xmlns:xsi="http://www.w3.org/2001/XMLSchema-instance"
    xsi:schemaLocation="http://www.loc.gov/MARC21/slim http://www.loc.gov/standards/marcxml/schema/MARC21slim.xsd"
    xmlns="http://www.loc.gov/MARC21/slim">

  <leader>00507nam a22001937a 4500</leader>
  <datafield tag="999" ind1=" " ind2=" ">
    <subfield code="c">11850</subfield>
    <subfield code="d">11850</subfield>
  </datafield>
  <controlfield tag="003">OSt</controlfield>
  <controlfield tag="008">230302b           ||||| |||| 00| 0 eng d</controlfield>
  <datafield tag="020" ind1=" " ind2=" ">
    <subfield code="a">9788182811140</subfield>
  </datafield>
  <datafield tag="082" ind1=" " ind2=" ">
    <subfield code="a">333.7 JHE</subfield>
  </datafield>
  <datafield tag="100" ind1=" " ind2=" ">
    <subfield code="a">JHINGAN, M.L.</subfield>
  </datafield>
  <datafield tag="245" ind1=" " ind2=" ">
    <subfield code="a">Environmental Economics: Theory, Management and Policy</subfield>
  </datafield>
  <datafield tag="250" ind1=" " ind2=" ">
    <subfield code="a">2nd ed.</subfield>
  </datafield>
  <datafield tag="260" ind1=" " ind2=" ">
    <subfield code="a">Delhi</subfield>
    <subfield code="b">Vrinda Publications Pvt. Ltd.</subfield>
    <subfield code="c">2022</subfield>
  </datafield>
  <datafield tag="300" ind1=" " ind2=" ">
    <subfield code="a">603 p.</subfield>
  </datafield>
  <datafield tag="650" ind1=" " ind2=" ">
    <subfield code="a">B.A. Economics</subfield>
  </datafield>
  <datafield tag="700" ind1=" " ind2=" ">
    <subfield code="a">JHINGAN, B.K.</subfield>
  </datafield>
  <datafield tag="700" ind1=" " ind2=" ">
    <subfield code="a">SHARMA, Chandar K.</subfield>
  </datafield>
  <datafield tag="942" ind1=" " ind2=" ">
    <subfield code="2">ddc</subfield>
    <subfield code="c">BK</subfield>
  </datafield>
  <datafield tag="952" ind1=" " ind2=" ">
    <subfield code="0">0</subfield>
    <subfield code="1">0</subfield>
    <subfield code="2">ddc</subfield>
    <subfield code="4">0</subfield>
    <subfield code="7">0</subfield>
    <subfield code="8">BAECO</subfield>
    <subfield code="a">PIETNCR</subfield>
    <subfield code="b">PIETNCR</subfield>
    <subfield code="d">2023-02-16</subfield>
    <subfield code="e">International Book Centre</subfield>
    <subfield code="f">In Rupees</subfield>
    <subfield code="g">440.00</subfield>
    <subfield code="k">IB/IN/1152</subfield>
    <subfield code="l">0</subfield>
    <subfield code="o">333.7 JHE</subfield>
    <subfield code="p">N3372</subfield>
    <subfield code="r">2023-03-02 00:00:00</subfield>
    <subfield code="v">343.20</subfield>
    <subfield code="w">2023-02-16</subfield>
    <subfield code="y">REF</subfield>
  </datafield>
  <datafield tag="952" ind1=" " ind2=" ">
    <subfield code="0">0</subfield>
    <subfield code="1">0</subfield>
    <subfield code="2">ddc</subfield>
    <subfield code="4">0</subfield>
    <subfield code="7">0</subfield>
    <subfield code="8">BAECO</subfield>
    <subfield code="a">PIETNCR</subfield>
    <subfield code="b">PIETNCR</subfield>
    <subfield code="d">2023-02-16</subfield>
    <subfield code="e">International Book Centre</subfield>
    <subfield code="f">In Rupees</subfield>
    <subfield code="g">440.00</subfield>
    <subfield code="k">IB/IN/1152</subfield>
    <subfield code="l">2</subfield>
    <subfield code="o">333.7 JHE</subfield>
    <subfield code="p">N3373</subfield>
    <subfield code="r">2024-09-30 00:00:00</subfield>
    <subfield code="s">2024-09-10</subfield>
    <subfield code="v">343.20</subfield>
    <subfield code="w">2023-02-16</subfield>
    <subfield code="y">BK</subfield>
  </datafield>
  <datafield tag="952" ind1=" " ind2=" ">
    <subfield code="0">0</subfield>
    <subfield code="1">0</subfield>
    <subfield code="2">ddc</subfield>
    <subfield code="4">0</subfield>
    <subfield code="7">0</subfield>
    <subfield code="8">BAECO</subfield>
    <subfield code="a">PIETNCR</subfield>
    <subfield code="b">PIETNCR</subfield>
    <subfield code="d">2023-02-16</subfield>
    <subfield code="e">International Book Centre</subfield>
    <subfield code="f">In Rupees</subfield>
    <subfield code="g">440.00</subfield>
    <subfield code="k">IB/IN/1152</subfield>
    <subfield code="l">3</subfield>
    <subfield code="o">333.7 JHE</subfield>
    <subfield code="p">N3374</subfield>
    <subfield code="r">2023-12-19 00:00:00</subfield>
    <subfield code="s">2023-12-04</subfield>
    <subfield code="v">343.20</subfield>
    <subfield code="w">2023-02-16</subfield>
    <subfield code="y">BK</subfield>
  </datafield>
  <datafield tag="952" ind1=" " ind2=" ">
    <subfield code="0">0</subfield>
    <subfield code="1">0</subfield>
    <subfield code="2">ddc</subfield>
    <subfield code="4">0</subfield>
    <subfield code="7">0</subfield>
    <subfield code="8">BAECO</subfield>
    <subfield code="a">PIETNCR</subfield>
    <subfield code="b">PIETNCR</subfield>
    <subfield code="d">2023-02-16</subfield>
    <subfield code="e">International Book Centre</subfield>
    <subfield code="f">In Rupees</subfield>
    <subfield code="g">440.00</subfield>
    <subfield code="k">IB/IN/1152</subfield>
    <subfield code="l">3</subfield>
    <subfield code="o">333.7 JHE</subfield>
    <subfield code="p">N3375</subfield>
    <subfield code="r">2024-09-24 00:00:00</subfield>
    <subfield code="s">2024-09-10</subfield>
    <subfield code="v">343.20</subfield>
    <subfield code="w">2023-02-16</subfield>
    <subfield code="y">BK</subfield>
  </datafield>
  <datafield tag="952" ind1=" " ind2=" ">
    <subfield code="0">0</subfield>
    <subfield code="1">0</subfield>
    <subfield code="2">ddc</subfield>
    <subfield code="4">0</subfield>
    <subfield code="7">0</subfield>
    <subfield code="8">BAECO</subfield>
    <subfield code="a">PIETNCR</subfield>
    <subfield code="b">PIETNCR</subfield>
    <subfield code="d">2023-02-16</subfield>
    <subfield code="e">International Book Centre</subfield>
    <subfield code="f">In Rupees</subfield>
    <subfield code="g">440.00</subfield>
    <subfield code="k">IB/IN/1152</subfield>
    <subfield code="l">3</subfield>
    <subfield code="o">333.7 JHE</subfield>
    <subfield code="p">N3376</subfield>
    <subfield code="r">2024-09-23 00:00:00</subfield>
    <subfield code="s">2024-09-10</subfield>
    <subfield code="v">343.20</subfield>
    <subfield code="w">2023-02-16</subfield>
    <subfield code="y">BK</subfield>
  </datafield>
</record>
